Statistics for Emmerdale (Present: April 2014)

Click here to take the quiz!

General Stats

  • This quiz has been taken 354 times
    (312 since last reset)
  • The average score is 45 of 67

Answer Stats

HintAnswer% Correct
DingleCain
92%
DingleLisa
88%
SharmaCharity
88%
BartonMoira
87%
DingleChas
86%
PollardEric
86%
BartonAdam
84%
SugdenAndy
84%
DingleZak
84%
PollardVal
82%
KingJimmy
82%
DingleBelle
82%
MetcalfeDavid
82%
BartonRoss
82%
KirkPaddy
81%
HopeBob
81%
ThomasAshley
80%
SharmaJai
79%
DingleDebbie
78%
BartonPete
78%
KingNicola
78%
DingleSam
78%
DingleMarlon
77%
BirchEdna
76%
SugdenDiane
76%
GoskirkRhona
74%
SugdenVictoria
73%
ThomasLaurel
73%
BartonFinn
72%
BlackstockBernice
71%
BartonJames
71%
BlackstockRodney
71%
ThomasGabby
69%
SugdenSarah
68%
SpencerAli
68%
MaceyDeclan
68%
SugdenJack
68%
Addyman/Sugden/MaceyKatie
67%
MaceyMegan
66%
SpencerDan
66%
KingAngelica
62%
ThomasArthur
62%
SharmaPriya
61%
DingleSamson
61%
GoskirkLeo
61%
LadderbanksPearl
60%
WindsorDonna
59%
WindsorApril
56%
EagletonBetty
56%
WyattKerry
56%
SharmaRishi
54%
MetcalfeAlicia
54%
WoodfieldVanessa
54%
HopeHeath
54%
GallagherJacob
54%
WalkerBrenda
54%
HaswellRuby
51%
HopeCathy
50%
SpencerSean
48%
ThomasSandy
48%
SpencerAmelia
47%
SharmaNoah
43%
HardingLeyla
41%
LawsonRobbie
38%
SharmaGeorgia
35%
FinchHarriet
35%
AndrewsDom
28%

Score Distribution

Percentile by Number Answered

Percent of People with Each Score

Your Score History

You have not taken this quiz since the last reset